000 01094nam a2200301 i 4500
001 16793
003 DO-SdUEMH
005 20260209211622.0
007 ta
008 211105s1999||||mx a|||gr|||| 0|| | spa d
020 _a9701016459
040 _aDO-SdUEMH
_bspa
_erda
041 _aspa
082 1 4 _a362.173068 H877A 1999
_mCG
_bH877
084 _b10-00276
100 1 _aHuber, Diane
_eautr
245 0 _aLiderazgo y Administración en Enfermería /
_cDiane Huber
260 _c1999
264 1 _aMéxico :
_bMcGraw-Hill Interamericana,
_c1999
264 4 _c©1999
300 _axix, 647 páginas :
_bilustraciones ;
_c24 cm.
336 _2rdacontent
_atexto
_btxt
337 _2rdamedia
_asin mediación
_bn
338 _2rdacarrier
_avolumen
_bnc
505 2 _aEl Ambiente -- Marco para el Liderazgo y la Dirección -- Planeación de la Administración en Enfermería -- Diseño y Organizativo y Gobierno en Enfermería Dirigiendo a Profesionales y su Practica -- Evaluación y Control en la Administración de Enfermería -- Perspectiva Futuras.
942 _2ddc
_cBK
_n0
999 _c16793
_d16793